000 00748nam a2200253 a 4500
001 71732
003 BD-RjUL
005 20250928115200.0
008 170507s1976 ii a b 001 0 eng d
020 _a0852264690
035 _a(BD-RjUL)71948
040 _aDLC
_cDLC
_dDLC
_dBD-RjUL
_beng
041 _aeng
082 0 0 _223
_a530.41
_bKII 1976
100 1 _aKittel, Charles.
_926819
245 1 0 _aIntroduction to solid state physics /
_cCharles Kittel.
250 _a5th ed.
260 _aNew York ;
_aNew Delhi ;
_bWiley,
_cc1976, [reprint 1979,1984,1985]
300 _aXIII, 599 p. :
_bill. ;
_c25 cm.
504 _aIncludes bibliographies and index.
650 0 _aSolid state physics.
_923918
942 _2ddc
_cBK
999 _c71732
_d71732